00341nam a22000977a 4500008004100000100002200041245010600063260001900169300003600188773001900224250730b ||||| |||| 00| 0 eng d aSinha, Debadityo  a‘Judgment restores legal principles’: Union environment ministry’s credibility is now on trial aDown to Earth  a34(3), Jun 16-30, 2025: p.23-25 aDown to Earth